000 00748nam a2200229 a 4500
001 000004111
003 DO-SdBNP
005 20230119124840.0
007 ta
008 090717s2008 dr a 000 spa d
040 _aDO-SdBNP
_bspa
_cBNPHU
082 _axxx
_bA657p
_222
100 1 _aAquino Rodríguez, José Angel
_912222
245 1 0 _aProcesos electorales en el Caribe y sistemas de partidos 2005-2006 /
_cJosé Angel Aquino Rodríguez.
260 _aSanto Domingo, :
_bJunta Central Electoral,
_bNurys Paulino
_c2008.
440 0 _aEnsayos electorales
_v4
_912223
500 _aIncluye datos biográficos
590 _aInventariado, 2023 / DG
700 1 _aMateo Villanueva, Clodoaldo
_eprólogo
_912224
910 _aDG
942 _2ddc
_cLBS1
999 _c3929
_d3929